00505nam a2200181Ia 4500003000400000005001700004008004100021020002200062040000700084041000800091082002200099100001400121245007700135260005000212300001800262365001400280650002900294OSt20230626145418.0210423s9999 xx 000 0 und d a978-81-7833-132-4 cAL aeng a633.83 223bPANH aPANDA (H) aHandbook on spices and condimentsbcultivation processing and extraction aNew DelhibAsian/Pacific Business Pressc2015 axxiii,616bPB b1675cINR aField & Plantation Crops